Welcome to the Holygrace Academy Library

Please use search bar below to get started

DIRTY BEATS (Record no. 2548)

MARC details
000 -LEADER
fixed length control field 00365nam a22001577a 4500
020 ## - INTERNATIONAL STANDARD BOOK NUMBER
ISBN 978-0-141-50174-1
082 ## - DEWEY DECIMAL CLASSIFICATION NUMBER
Classification number 823
Item number DAH/D
100 ## - MAIN ENTRY--AUTHOR NAME
Personal name DAHL,ROALD
245 ## - TITLE STATEMENT
Title DIRTY BEATS
Remainder of title ANIMAL STORY
246 ## - VARYING FORM OF TITLE
Title proper/short title DIRTY BEATS
Remainder of title ANIMAL STORY
260 ## - PUBLICATION, DISTRIBUTION, ETC. (IMPRINT)
Place of publication LONDON
Name of publisher PRUFFIN BOOKS
Year of publication 2009
300 ## - PHYSICAL DESCRIPTION
Number of Pages 32
520 ## - SUMMARY, ETC.
Summary, etc ANIMAL STORY
650 ## - SUBJECT ADDED ENTRY--TOPICAL TERM
Topical Term ANIMAL STORY
942 ## - ADDED ENTRY ELEMENTS (KOHA)
Koha item type Books
Holdings
Withdrawn status Lost status Collection code Home library Current library Shelving location Date acquired Source of acquisition Full call number Accession Number Koha item type
    Fiction Main Library Main Library SHELF 4-D MYTHOLOGY 16/12/2019 Purchase 823 DAH/D 12363 Books